000
00289pam a2200121 a 4500
020
_c
041
_h
082
_a
658
_b
SAL
100
_a
SALUNKHE M. B.,
245
_a
SWATANTRYA SAINIKANCHYA AATHWANI (MARATHI)
_h
Textual Documents
260
_a
PUNE
_b
SAHKAR DIARY
_c
1983
930
_a
11263
999
_c
130707
_d
130707